| 000 | 00674cam a2200217 a 4500 | ||
|---|---|---|---|
| 001 | 000009091 | ||
| 005 | 20200929161502.0 | ||
| 008 | 830909s1986 sp 000 1 spa | ||
| 020 | _a8432055506 | ||
| 040 |
_aDO-SdBNP _bspa _dBNPHU |
||
| 082 |
_a863.64 _bB957c, 1986 |
||
| 100 | 1 |
_aBurgos, Antonio, _d1943- _923739 |
|
| 245 | 1 | 4 |
_aLas cabañuelas de agosto : _bnovela / _cAntonio Burgos. |
| 250 | _a5a ed. | ||
| 260 |
_aBarcelona : _bPlaneta, _c1986. |
||
| 300 |
_a241 p. ; _c19 cm. |
||
| 490 | 1 | _aAutores españoles e hispanoamericanos | |
| 650 | 4 |
_aNovela española _91123 |
|
| 650 | 4 |
_aLiteratura española _9632 |
|
| 830 | 0 |
_aAutores españoles e hispanoamericanos. _95042 |
|
| 999 |
_c8855 _d8855 |
||